Violencia y política pertinentes de juventud /

En este artículo se exponen las causas y condiciones que están en el origen de la violencia juvenil, explicando que no es una violencia primordial, pues esta es la consecuencia de otras violencias y exclusiones, y que depende de un círculo de reproducción de la violencia del que es responsable una p...

Celý popis

Uloženo v:
Podrobná bibliografie
Hlavní autor: Krauskopf, Diana
Médium: Text
Témata:
Tagy: Přidat tag
Žádné tagy, Buďte první, kdo vytvoří štítek k tomuto záznamu!

MARC

LEADER 00000 a a2200000 04500
001 44344
003
040
100 |a Krauskopf, Diana  
245 |a Violencia y política pertinentes de juventud /  |c Diana Krauskopf  
520 |a En este artículo se exponen las causas y condiciones que están en el origen de la violencia juvenil, explicando que no es una violencia primordial, pues esta es la consecuencia de otras violencias y exclusiones, y que depende de un círculo de reproducción de la violencia del que es responsable una política inadecuada. La autora agrega una explicación en cuanto a la pertinencia de la política pública, en materia de juventud; la cual requiere de proyectos de atención a los jóvenes y de programas de atención a la sociedad no juvenil, de modo que se alfabetice en este asunto y, de una ley que la respalde y de una serie de reglamentos, programas e incentivos que permitan la participación juvenil.  
590 |a DISEMINAR122012  
650 |a POLITICA PUBLICA  
650 |a ORGANIZACIONES JUVENILES  
650 |a VIOLENCIA  
650 |a EXCLUSION  
650 |a IDENTIDAD SOCIAL  
650 |a IMAGINARIO SOCIAL  
773 |g volumen2, páginas 43-59  
999 |c 34150  |d 34150